| 000 | 00618 a2200181 4500 | ||
|---|---|---|---|
| 003 | NUST | ||
| 005 | 20221025182246.0 | ||
| 020 | _a8129705052 | ||
| 040 | _cNust | ||
| 082 | _a 006.6,VOG | ||
| 100 |
_a Vogeler, David _9101388 |
||
| 245 |
_aMacromedia Flash MX professional 2004 : _bUnleashed / _cdavid Vogeleer, matthew Pizzi |
||
| 260 |
_aIndia _bPearson Education _c2004 |
||
| 300 | _a889 P.: | ||
| 505 | _aPart: I Getting Start (Page-3), Part: II Action Script (Page-177), Part: III Outside of Flash (Page-511), Part: IV Appendix (Page-703). | ||
| 650 |
_aMacromedia Flash _9101389 |
||
| 942 |
_2ddc _cBK _k006.6,VOG |
||
| 999 |
_c179861 _d179861 |
||